| 000 | 00876nam2a22002411 4500 | ||
|---|---|---|---|
| 001 | rc\3137423 | ||
| 005 | 20250530071121.0 | ||
| 021 |
_aRU _bРг8823-75 |
||
| 035 | _a(NLR Aleph) 007288778 | ||
| 090 |
_a5587398 _c5587398 |
||
| 100 | _a20120615d1975 |||y0rusy50 ca | ||
| 101 | 0 | _arus | |
| 102 | _aRU | ||
| 105 | _ay z ||||| | ||
| 200 | 0 | _a... в 1974 г. | |
| 210 |
_d1975 _aБ. м. |
||
| 215 | _a[1], 243 с. | ||
| 461 | 0 |
_1001rc\3137422 _12001#$aСборник информаций о деятельности органов СЭВ...$fСекретариат$v... в 1974 г. _95587389 _aСЭВ _cМосква _d1975 _fСекретариат _nБ. и. _tСборник информаций о деятельности органов СЭВ... _v... в 1974 г. |
|
| 801 | 0 |
_aRU _bNLR _gpsbo |
|
| 801 | 1 |
_aRU _bELAR _2rusmarc |
|
| 852 |
_aNLR _j75-8/252 |
||
| 942 | _cBOOK | ||
| 980 | _aNB | ||